000 00955cam a2200241 4500
001 L136223
008 070118n2006 000 0 eng u
035 _a(Sirsi) u136223
041 0 _aeng
100 1 _aAshurst, Vernon
245 0 0 _aPFI / PPP Projects 2007
260 _c2006
520 _aDiscusses Public-Private partnerships (PPPs) Private Finance Initiative (PFI), and in particular, the move towards batched projects. Discusses types of projects, legislation, stakeholders, legislation and types of projects and partnerships. Country guides provides comparative information on PFIs and PPPs from fifteen different countries.
590 _aKA
650 2 4 _aPUBLIC PRIVATE PARTNERSHIPS
650 2 4 _aPRIVATE FINANCE INITIATIVE
651 4 _aEUROPE
651 4 _aNIGERIA
690 _aProject management
_96261
700 1 _aSanders, Jan
856 4 0 _uwww.iclg.co.uk/
_zView the item free of charge at www.iclg.co.uk...
942 _n0
999 _c106341
_d106341